| 000 | 03595pam a22003854a 4500 | ||
|---|---|---|---|
| 003 | PE-LiUPU | ||
| 005 | 20250731184611.0 | ||
| 008 | 030602s2003 inuab b 001 0 eng | ||
| 020 | _a9781575062341 | ||
| 040 |
_aDLC _cPE-LiUPU _dPE-LiUPU _bspa _erda |
||
| 082 | 0 | 0 |
_a939.4 _223 _bN354 |
| 245 | 0 | 0 |
_aNear Eastern archaeology : _ba reader / _ceditado por Suzanne Richard. |
| 264 |
_aWinona Lake, Indiana : _bEisenbrauns, _c2003. |
||
| 300 |
_axviii, 486 páginas : _bilustraciones, mapas ; _c24 centímetros. |
||
| 504 | _aIncluye referencias bibliográficas e índice. | ||
| 505 | _aTheory, Method, ad Context -- Geography of the Levant -- Paleoenvironments of the Levant -- Archaeozoology – Paleoethnobotany -- Method and Theory in Syro-Palestinian Archaeology -- Bible and Archaeology -- Levantine Archaeology -- Text Sources for Levantine Archaeology: The Bible -- Writing and Scripts (with Special Reference to the Levant) -- Semitic Languages (with Special Reference to the Levant) -- Writing: The Archaeology of Writing (Writing Materials) -- Northwest Semitic Epigraphic Sources -- Chronology of the Southern Levant – Suver of Preclassical Architecture in the Levant -- Bronze and Iron Age Burials and Funerarv Custons in the Southern Levant -- Subsistence Pastoralism -- Agriculture -- Roads and Highways -- Nautical Archaeologv in the Eastern Mediterranean -- Ethnography Ethnoarchaeology -- Ethnicitv and Material Culture -- Women in the Ancient Near East -- Everyday Life (Customs, Manners, and Laws) -- Archaeological Survev in the Southern Levant -- Restoration of Ancient Monuments: Theory and Practice -- Metalworking Mining in the Levant -- Weapons and Warfare in Ancient Syria-Palestine -- Ceramics/Kilns Gloria London Jewelry in the Levant -- The Mosaics of Jordan -- Numismatics (Minting and Monetary Systems/Coinage) in the Levant -- Scarabs – GIS and Archaeological Survey -- Computer Applications in Archacology -- Cultural Phases and Associated Topics -- The Paleolithic in Syria-Palestine -- The Neolithic Period -- Prehistoric Chipped-Stone Technology -- The Chalcolithic of the Southern Levant -- The Nahal Mishmar Hoard from the Judean Desert -- Negev -- The Early Bronze Age in the Southern Levant -- Southern Sinai in the Early Bronze Age II -- Theory in Archaeology: Culture Change at the End of the Early Bronze Age -- Archaeology of the Dead Sea Plain in Jordan -- The Middle Bronze Age (circa 2000-1500 B.C.E.) -- Canaanite Religion -- The Late Bronze Age -- El-Amarna Texts -- Trade and Exchange in the Levant -- The Iron Age in the Southern Levant – Religion and Cult in the Levant: The Archacological Data -- Goddesses Susan Ackerman Svria-Palestine in the Persian Period -- The Sanmaritans -- The Hellenistic Period -- Nabateans -- Classical Text Sources in the Levant -- Jewish Art and Iconography in the Land of Israel -- Synagogues in the Land of Israel -- Golan Synagogues -- Early Christian Iconography -- Early Christian Churches in Israel. | ||
| 526 | _aP136 | ||
| 526 | _aP135 | ||
| 526 | _aP134 | ||
| 526 | _aP133 | ||
| 526 | _aP144 | ||
| 526 | _aP143 | ||
| 526 | _aP87 | ||
| 526 | _aP35 | ||
| 526 | _aP20 | ||
| 526 | _aP14 | ||
| 526 | _aP10 | ||
| 526 | _aP06 | ||
| 650 | 1 | 4 |
_aArqueología _zCercano Oriente _xHistoria. _93739 |
| 651 | 2 | 4 |
_aCercano Oriente _xAntigüedades. _93740 |
| 700 | 1 |
_aRichard, Suzanne, _d1947- |
|
| 942 |
_2ddc _cBK _n0 |
||
| 999 |
_c62315 _d62314 |
||
| 980 |
_618226 _aJaime Vilcazán Jefe de Análisis Documental _81 _gALBERTO SANCHEZ Responsable de Automatización |
||